000 00719nam a2200265Ia 4500
005 20260121172940.0
008 008 260114s9999 xx 000 0 eng d
020 _a9783030859503
037 _aEBOOK
040 _aCRL
040 _beng
040 _cCRL
041 _2eng
041 _aeng
084 _qCRL
100 _aAndrea Caputo, Massimiliano M. Pellegrini, Marina Dabi?, Léo-Paul Dana
_91094759
245 4 _aThe International Dimension of Entrepreneurial Decision-Making
260 _bSpringer
260 _bSpringer
260 _c2022
856 _uhttps://link.springer.com/openurl?genre=book&isbn=978-3-030-85950-3
942 _cEBOOK
999 _c1660501
_d1660501